| 000 | 00518nam a2200169Ia 4500 | ||
|---|---|---|---|
| 999 |
_c20563 _d20563 |
||
| 003 | OSt | ||
| 005 | 20200623131536.0 | ||
| 008 | 190216s9999||||xx |||||||||||||| ||und|| | ||
| 020 | _a8185618666 | ||
| 040 | _coclc | ||
| 082 |
_a954.03 _bMET/N |
||
| 100 |
_aMetcalf, Thomas R _93137 |
||
| 245 | 4 |
_aThe New Cambridge History Of India : _bIdeologies Of The Raj / _cThomas R Metcalf |
|
| 260 |
_bCambridge Uty Press, _c1996. _aUK: |
||
| 300 | _a244p | ||
| 942 |
_cBK _2ddc _h954.03 _iMET/I _k954.03 _mMET/I |
||